000 00793nam a2200217 4500
001 37482
003 ES-MaACL
005 20250731034203.0
007 t|
008 030305q1880 sp |||| | spa d
100 1 _aCerrajería, Gonzalo.
_937559
245 1 0 _aBanquete de despedida en el Ateneo viejo /
_cG. Cerrajería.
260 _a[Madrid :
_bs.n.,
_cca. 1880]
300 _a1 h. ;
_c27 cm.
597 _aEjemplar sin portada.
610 2 4 _aAteneo de Madrid-
_vHistoria-
_vRelatos personales
_91926
610 2 4 _aAteneo de Madrid-
_vObras digitalizadas.
_91930
852 4 _aES-MaACL
_jT-837-F-13
_z.- Enc. en un vol. facticio, falto de cub. original
856 4 _uhttp://www.ateneodemadrid.com/biblioteca_digital/folletos/Folletos-0217.pdf
_zVer documento
999 _c37482
_d37482